MARC

LEADER 00000cam a2200000 7i4500
001 0000002709
005 20031117.0
090 0 0 |a FAO634.909598   |b REP 1998 
110 1 0 |a REPUBLIC of Indonesia   |c Ministry of Forestry 
245 1 0 |a Country report :   |b Indonesia   |c by Ministry of Forestry, Republic of Indonesia 
260 0 0 |a Rome :   |b Food and Agriculture Organization of the United Nations ,   |c 1998 
300 |a 22 p. ;   |c 30 cm. 
440 0 0 |a Aisa-Pacific forestry sector outlook study working paper series no. APFSOS/WP/45 
500 0 0 |a Bibliography : p. 20 
650 0 0 |a Forests and forestry   |z Indonesia 
710 1 1 |a Food and Agriculture Organization of the United Nations (FAO) 
998 |a JPSM 
999 |a 0000004798   |b Monograph   |c Food and Agriculture Organization   |e Default branch 
999 |a 0000004799   |b Monograph   |c Food and Agriculture Organization   |e Default branch